<?xml version="1.0" encoding="UTF-8"?><?xml-stylesheet type="text/xsl" href="static/style.xsl"?><OAI-PMH xmlns="http://www.openarchives.org/OAI/2.0/" xmlns:xsi="http://www.w3.org/2001/XMLSchema-instance" xsi:schemaLocation="http://www.openarchives.org/OAI/2.0/ http://www.openarchives.org/OAI/2.0/OAI-PMH.xsd"><responseDate>2026-04-13T09:47:19Z</responseDate><request verb="GetRecord" identifier="oai:www.recercat.cat:10459.1/59557" metadataPrefix="marc">https://recercat.cat/oai/request</request><GetRecord><record><header><identifier>oai:recercat.cat:10459.1/59557</identifier><datestamp>2024-12-05T22:13:02Z</datestamp><setSpec>com_2072_3622</setSpec><setSpec>col_2072_479130</setSpec></header><metadata><record xmlns="http://www.loc.gov/MARC21/slim" xmlns:dcterms="http://purl.org/dc/terms/" xmlns:xsi="http://www.w3.org/2001/XMLSchema-instance" xmlns:doc="http://www.lyncode.com/xoai" xsi:schemaLocation="http://www.loc.gov/MARC21/slim http://www.loc.gov/standards/marcxml/schema/MARC21slim.xsd">
   <leader>00925njm 22002777a 4500</leader>
   <datafield ind2=" " ind1=" " tag="042">
      <subfield code="a">dc</subfield>
   </datafield>
   <datafield ind2=" " ind1=" " tag="720">
      <subfield code="a">Trujillano Cabello, Javier</subfield>
      <subfield code="e">author</subfield>
   </datafield>
   <datafield ind2=" " ind1=" " tag="720">
      <subfield code="a">March Llanes, Jaume</subfield>
      <subfield code="e">author</subfield>
   </datafield>
   <datafield ind2=" " ind1=" " tag="720">
      <subfield code="a">Badia Castello, Mariona</subfield>
      <subfield code="e">author</subfield>
   </datafield>
   <datafield ind2=" " ind1=" " tag="720">
      <subfield code="a">Rodríguez, A.</subfield>
      <subfield code="e">author</subfield>
   </datafield>
   <datafield ind2=" " ind1=" " tag="720">
      <subfield code="a">Sorribas Tello, Albert</subfield>
      <subfield code="e">author</subfield>
   </datafield>
   <datafield ind2=" " ind1=" " tag="260">
      <subfield code="c">2017-04-28T08:35:44Z</subfield>
   </datafield>
   <datafield ind2=" " ind1=" " tag="260">
      <subfield code="c">2017-04-28T08:35:44Z</subfield>
   </datafield>
   <datafield ind2=" " ind1=" " tag="260">
      <subfield code="c">2003</subfield>
   </datafield>
   <datafield ind2=" " ind1=" " tag="520">
      <subfield code="a">Objetivo: Comparar la capacidad de predicción de mortalidad&#xd;
hospitalaria de una red neuronal artificial (RNA) con el&#xd;
Acute Physiology and Chronic Health Evaluation II (APACHE&#xd;
II) y la regresión logística (RL), y comparar la asignación de&#xd;
probabilidades entre los distintos modelos.&#xd;
Método: Se recogen de forma prospectiva las variables necesarias&#xd;
para el cálculo del APACHE II. Disponemos de 1.146&#xd;
pacientes asignándose aleatoriamente (70 y 30%) al grupo&#xd;
de Desarrollo (800) y al de Validación (346). Con las mismas&#xd;
variables se genera un modelo de RL y de RNA (perceptrón&#xd;
de 3 capas entrenado por algoritmo de backpropagation con&#xd;
remuestreo bootstrap y con 9 nodos en la capa oculta) en el&#xd;
grupo de desarrollo. Se comparan los tres modelos en función&#xd;
de los criterios de discriminación con el área bajo la curva&#xd;
ROC (ABC [IC del 95%]) y de calibración con el test de Hosmer-&#xd;
Lemeshow C (HLC). Las diferencias entre las probabilidades&#xd;
se valoran con el test de Bland-Altman.&#xd;
Resultados: En el grupo de validación, el APACHE II con ABC&#xd;
de 0,79 (0,75-0,84) y HLC de 11 (p = 0,329); modelo RL,&#xd;
ABC de 0,81 (0,76-0,85) y HLC de 29 (p = 0,0001), y en&#xd;
RNA, ABC de 0,82 (0,77-0,86) y HLC de 10 (p = 0,404). Los&#xd;
pacientes con mayores diferencias en la asignación de probabilidad&#xd;
entre RL y RN (8% del total) son pacientes con problemas&#xd;
neurológicos. Los peores resultados se obtienen en&#xd;
los pacientes traumáticos (ABC inferior a 0,75 en todos los&#xd;
modelos). En los pacientes respiratorios, la RNA alcanza los&#xd;
mejores resultados (ABC = 0,87 [0,78-0,91]).&#xd;
Conclusiones: Una RNA es capaz de estratificar el riesgo&#xd;
de mortalidad hospitalaria utilizando las variables del sistema&#xd;
APACHE II. La RNA consigue mejores resultados frente&#xd;
a RL, sin alcanzar significación, ya que no trabaja con restricciones&#xd;
lineales ni de independencia de variables, con una&#xd;
diferente asignación de probabilidad individual entre los modelos.</subfield>
   </datafield>
   <datafield ind2=" " ind1=" " tag="520">
      <subfield code="a">La financiación del proyecto se llevó a cabo mediante una beca FIS (00/0235).</subfield>
   </datafield>
   <datafield ind1="8" ind2=" " tag="024">
      <subfield code="a">http://hdl.handle.net/10459.1/59557</subfield>
   </datafield>
   <datafield tag="653" ind2=" " ind1=" ">
      <subfield code="a">Mortalidad hospitalaria</subfield>
   </datafield>
   <datafield tag="653" ind2=" " ind1=" ">
      <subfield code="a">Estratificación de riesgo</subfield>
   </datafield>
   <datafield tag="653" ind2=" " ind1=" ">
      <subfield code="a">Unidad de cuidados intensivos</subfield>
   </datafield>
   <datafield tag="653" ind2=" " ind1=" ">
      <subfield code="a">Redes neuronales artificiales</subfield>
   </datafield>
   <datafield tag="653" ind2=" " ind1=" ">
      <subfield code="a">Bootstrap</subfield>
   </datafield>
   <datafield ind2="0" ind1="0" tag="245">
      <subfield code="a">Aplicación de las redes neuronales artificiales para la estratificación de riesgo de mortalidad hospitalaria</subfield>
   </datafield>
</record></metadata></record></GetRecord></OAI-PMH>